Statistics for World's Largest Countries

Click here to take the quiz!

General Stats

  • This quiz has been taken 18 times
  • The average score is 12 of 15

Answer Stats

HintAnswer% Correct
#1Russia
100%
#6Australia
94%
#5Brazil
94%
#8Argentina
89%
#2Canada
89%
#4China
89%
#7India
89%
#13Mexico
83%
#3USA
83%
#10Algeria
78%
#11Democratic Republic of the Congo
78%
#9Kazakhstan
72%
#12Saudi Arabia
72%
#14Indonesia
67%
#15Sudan
67%

Score Distribution

Percentile by Number Answered

Percent of People with Each Score

Your Score History

You have not taken this quiz